000 00359nam a22001457a 4500
008 230531b ||||| |||| 00| 0 eng d
020 _a9780323394611
041 _aeng
080 _2NINTH EDITION
_a610.73
082 _a610.73BAS
100 _a8
101 _aINF
245 _aCLINICAL TEXTBOOK FOR VETERINARY TECHNICIANS
_cBASSERT .M.J
942 _2udc
_cBK
999 _c59888
_d59888